000 00459nam a2200145 a 4500
001 000038772
005 20201002031351.0
008 130422s1979 dr ac 000 0 spa d
040 _aDO-SdBNP
_bspa
_cBNPHU
100 1 _aOrtega, Saavedra, Humberto
_965073
245 1 0 _a50 aƱos de lucha sandinista /
_cHumberto Ortega Saavedra.
250 _a2a ed.
260 _a[Santo Domingo] :
_bEditorial Universitaria,
_c1979.
300 _a138 p. :
_bils., retrs. ;
_c19 cm.
999 _c38262
_d38262